000 00925nam a22002177a 4500
003 OSt
005 20230717180424.0
008 230714b ||||| |||| 00| 0 spa d
020 _a9788426412713
040 _cCO-MqBPB
082 _a834
_bA72e
100 _aArendt, Hannah /
_d1906-1975.
245 _aEichmann en Jerusalén : un estudio sobre la banalidad del mal /
_cHannah Arendt ; traducción Carlos Ribalta.
260 _a Barcelona :
_bEditorial Lumen,
_c 1999
300 _a460 páginas:
_bTapa Rústica,
_c23 cm.
500 _aUno de los mejores estudios sobre el holocausto, un ensayo de lectura inaplazable para entender lo que sin duda fue la gran tragedia del siglo XX.
650 _aEichman, Adolf, 1906-1962
_xProcesos Genocidio
650 _aCrímenes contra la humanidad
_xHolocausto judío (1939-1945)
650 _aJuicio de Nuremberg, 1945-1946
_xCrímenes de guerra -- Alemania
942 _2ddc
_cBK
999 _c14936
_d14936